[Event "Torquay op 52nd"]
[Site "Torquay"]
[Date "2018.11.10"]
[Round "2"]
[White "Brusey, Alan W"]
[Black "Claridge Hansen, William"]
[Result "0-1"]
[WhiteElo "2054"]
[BlackElo "2284"]
[PlyCount "56"]
[EventDate "2018.11.09"]
[EventType "swiss"]
[EventRounds "5"]
[EventCountry "ENG"]
[SourceTitle "EXT 2021"]
[Source "ChessBase"]
[SourceDate "2020.10.23"]
[SourceVersion "1"]
[SourceVersionDate "2020.10.23"]
[SourceQuality "1"]

1. e4 d5 2. exd5 Qxd5 3. Nf3 Bg4 4. Be2 Nc6 5. 0-0 0-0-0 6. c3 e5 7. b4 e4 8. Ne1 Bxe2 9. Qxe2 Nf6 10. b5 Ne5 11. f3 Nd3 12. Nxd3 exd3 13. Qd1 Qxb5 14. Qb3 Qxb3 15. axb3 Bc5+ 16. Kh1 Rhe8 17. Bb2 Re2 18. b4 Bf2 19. c4 Bd4 20. Bxd4 Rxd4 21. Nc3 Rxd2 22. Rxa7 Rxc4 23. Ra8+ Kd7 24. Ne4 Nxe4 25. fxe4 Rf2 26. Kg1 Rxf1+ 27. Kxf1 Rc1+ 28. Kf2 d2 0-1

[Event "GBR-ch 101st"]
[Site "Aberystwyth"]
[Date "2014.07.30"]
[Round "11"]
[White "Brusey, Alan W"]
[Black "Brown, Thomas"]
[Result "0-1"]
[WhiteElo "1951"]
[BlackElo "2104"]
[PlyCount "121"]
[EventDate "2014.07.19"]
[EventType "swiss"]
[EventRounds "11"]
[EventCountry "WLS"]
[SourceTitle "CBM 161 Extra"]
[Source "ChessBase"]
[SourceDate "2014.08.29"]
[SourceVersion "1"]
[SourceVersionDate "2014.08.29"]
[SourceQuality "1"]

1. e4 c6 2. c4 d5 3. exd5 cxd5 4. cxd5 Nf6 5. Nc3 Nxd5 6. Bc4 Nb6 7. Bb3 Nc6 8. Nf3 g6 9. d4 Bg7 10. Be3 0-0 11. h3 Na5 12. Bc2 Nac4 13. Qc1 Nxe3 14. fxe3 e5 15. dxe5 Nc4 16. 0-0 Nxe5 17. Nxe5 Bxe5 18. Bb3 Qg5 19. Rf3 Be6 20. Bxe6 fxe6 21. Qf1 Rxf3 22. Qxf3 Rf8 23. Ne4 Rxf3 24. Nxg5 Rxe3 25. Rd1 Bf6 26. h4 h6 27. Kf2 Re5 28. Nf3 Rc5 29. Rd2 Rc7 30. Ke3 Kf7 31. b3 Ke7 32. g4 Rc5 33. Rg2 g5 34. hxg5 Bxg5+ 35. Nxg5 hxg5 36. Rh2 Rb5 37. Rh7+ Kf6 38. Rh6+ Kf7 39. Ke4 a5 40. Rh7+ Kg6 41. Re7 Kf6 42. Rh7 Rb4+ 43. Kf3 b5 44. Rh6+ Kf7 45. Rh7+ Kg6 46. Ra7 a4 47. bxa4 Rf4+ 48. Ke3 bxa4 49. Ra6 Kf6 50. Ra8 Rxg4 51. Rf8+ Ke7 52. Rg8 Rg3+ 53. Kd4 Kf7 54. Ra8 Ra3 55. Ke5 Rxa2 56. Ra7+ Kg6 57. Kxe6 a3 58. Ke5 Ra1 59. Ra6+ Kh5 60. Ra8 a2 61. Kd4 0-1

[Event "GBR-ch 101st"]
[Site "Aberystwyth"]
[Date "2014.07.24"]
[Round "6"]
[White "Brusey, Alan W"]
[Black "Clancy, Martin J"]
[Result "1-0"]
[WhiteElo "1951"]
[BlackElo "2009"]
[PlyCount "87"]
[EventDate "2014.07.19"]
[EventType "swiss"]
[EventRounds "11"]
[EventCountry "WLS"]
[SourceTitle "CBM 161 Extra"]
[Source "ChessBase"]
[SourceDate "2014.08.29"]
[SourceVersion "1"]
[SourceVersionDate "2014.08.29"]
[SourceQuality "1"]

1. e4 c5 2. c3 Nf6 3. e5 Nd5 4. Bc4 Qc7 5. Nf3 Nb6 6. Bb3 c4 7. Bc2 d5 8. exd6 Qxd6 9. 0-0 Bg4 10. d4 cxd3 11. Bxd3 Nc6 12. Na3 0-0-0 13. Be2 Qg6 14. Qb3 e6 15. Nc4 Nxc4 16. Qxc4 Bd6 17. Be3 Kb8 18. Nh4 Bxe2 19. Qxe2 Qf6 20. Nf3 Bf4 21. Rfd1 Bxe3 22. Qxe3 h6 23. b4 Rxd1+ 24. Rxd1 Rd8 25. Rxd8+ Qxd8 26. g3 Qd5 27. a4 a6 28. h4 e5 29. Qe2 b5 30. a5 f6 31. Qe3 Kc8 32. Ne1 e4 33. Qb6 Nb8 34. Qa7 Qd7 35. Qc5+ Kb7 36. Kg2 Qc7 37. Qe3 Qc6 38. Nc2 Nd7 39. Nd4 Qd5 40. h5 Ne5 41. Nf5 Nc4 42. Qf4 e3+ 43. Qf3 Kc6 44. Ne7+ 1-0

[Event "GBR-ch 101st"]
[Site "Aberystwyth"]
[Date "2014.07.23"]
[Round "5"]
[White "Simons, Martin J"]
[Black "Brusey, Alan W"]
[Result "1/2-1/2"]
[WhiteElo "2087"]
[BlackElo "1951"]
[PlyCount "53"]
[EventDate "2014.07.19"]
[EventType "swiss"]
[EventRounds "11"]
[EventCountry "WLS"]
[SourceTitle "CBM 161 Extra"]
[Source "ChessBase"]
[SourceDate "2014.08.29"]
[SourceVersion "1"]
[SourceVersionDate "2014.08.29"]
[SourceQuality "1"]

1. d4 d5 2. e4 dxe4 3. Nc3 Nf6 4. f3 Bf5 5. g4 Bg6 6. g5 Nd5 7. fxe4 Nxc3 8. bxc3 Bxe4 9. Nf3 e6 10. Bg2 Be7 11. Qe2 Bxf3 12. Qxf3 c6 13. 0-0 0-0 14. Rb1 b6 15. Qh5 Qc7 16. Rf3 g6 17. Qh6 f5 18. gxf6 Rxf6 19. Bf4 Qd7 20. Be5 Bf8 21. Qh3 Rxf3 22. Bxf3 Na6 23. Bg4 Re8 24. Re1 Nc7 25. Qg3 Nd5 26. c4 Ne7 27. Qf4 1/2-1/2

[Event "London Classic op-A U2000 5th"]
[Site "London"]
[Date "2013.12.10"]
[Round "2"]
[White "Musson, Fraser John"]
[Black "Brusey, Alan W"]
[Result "1-0"]
[WhiteElo "1608"]
[BlackElo "1961"]
[PlyCount "69"]
[EventDate "2013.12.09"]
[EventType "swiss"]
[EventRounds "5"]
[EventCountry "ENG"]
[SourceTitle "EXT 2016"]
[Source "ChessBase"]
[SourceDate "2015.10.08"]
[SourceVersion "1"]
[SourceVersionDate "2015.10.08"]
[SourceQuality "1"]

1. d4 d5 2. e4 dxe4 3. Nc3 Nf6 4. f3 Bf5 5. fxe4 Nxe4 6. Qf3 Nd6 7. Bf4 Qc8 8. Bxd6 cxd6 9. Bb5+ Bd7 10. Bd3 g6 11. Nge2 Bg7 12. 0-0 0-0 13. Nd5 Nc6 14. c3 Qd8 15. b4 f5 16. Bc4 e6 17. Ndf4 d5 18. Bb3 Rc8 19. Rae1 Ne7 20. Qe3 Qb6 21. Kh1 Rf6 22. Rf3 a5 23. a3 axb4 24. axb4 Ra8 25. Nd3 Bb5 26. Nc5 Ra3 27. Nf4 Bh6 28. Qe5 Rf7 29. Nfxe6 Ra8 30. Nc7 Bg7 31. Nxa8 Qd8 32. Qc7 Qxa8 33. Rfe3 Bf6 34. h3 Kf8 35. Ne6+ 1-0

[Event "GBR-ch 100th"]
[Site "Torquay"]
[Date "2013.08.01"]
[Round "4"]
[White "Brusey, Alan W"]
[Black "Richardson, Alex"]
[Result "0-1"]
[WhiteElo "2020"]
[BlackElo "2149"]
[PlyCount "130"]
[EventDate "2013.07.29"]
[EventType "swiss"]
[EventRounds "11"]
[EventCountry "ENG"]
[SourceTitle "CBM 155 Extra"]
[Source "ChessBase"]
[SourceDate "2013.08.26"]
[SourceVersion "1"]
[SourceVersionDate "2013.08.26"]
[SourceQuality "1"]

1. e4 c6 2. d4 d5 3. f3 g6 4. Be3 Bg7 5. Nc3 Qb6 6. exd5 Qxb2 7. Nge2 Nf6 8. dxc6 bxc6 9. Rb1 Qa3 10. Rb3 Qa5 11. Bd2 0-0 12. Nb5 Qd8 13. Nbc3 Be6 14. Rb1 Bc4 15. Rb4 Ba6 16. g3 Nd5 17. Nxd5 cxd5 18. Ra4 Bb5 19. Rb4 a6 20. c3 Nc6 21. Rb1 e5 22. Be3 Re8 23. Kf2 Qe7 24. Rb2 exd4 25. Bxd4 Bxd4+ 26. cxd4 Rab8 27. Qd2 Bxe2 28. Rxb8 Rxb8 29. Bxe2 Qb4 30. Qxb4 Rxb4 31. Rd1 Ra4 32. Rd2 Kg7 33. Ke3 Ra3+ 34. Kf2 Nb4 35. Bd1 Rxa2 36. Rxa2 Nxa2 37. Bb3 Nb4 38. Ke3 Kf6 39. Kd2 Ke6 40. Kc3 a5 41. Ba4 Na6 42. Bd1 Nc7 43. Kb3 Nb5 44. f4 h5 45. h3 Nxd4+ 46. Ka4 Kf5 47. Kxa5 Ke4 48. Kb4 Nf5 49. g4 hxg4 50. Bxg4 Kxf4 51. Kc3 Ke4 52. Kd2 Nh4 53. Bd1 Nf3+ 54. Kc2 d4 55. Be2 Ne5 56. Kd2 g5 57. Ba6 Nf3+ 58. Kd1 Ke3 59. Bc8 f6 60. Bg4 d3 61. Bc8 d2 62. Be6 Ne5 63. Bf5 Nc4 64. Bg4 Nb2+ 65. Kc2 d1Q+ 0-1

[Event "GBR-ch 100th"]
[Site "Torquay"]
[Date "2013.07.29"]
[Round "1"]
[White "Brusey, Alan W"]
[Black "Storey, Charles"]
[Result "0-1"]
[WhiteElo "2020"]
[BlackElo "2214"]
[PlyCount "84"]
[EventDate "2013.07.29"]
[EventType "swiss"]
[EventRounds "11"]
[EventCountry "ENG"]
[SourceTitle "CBM 155 Extra"]
[Source "ChessBase"]
[SourceDate "2013.08.26"]
[SourceVersion "1"]
[SourceVersionDate "2013.08.26"]
[SourceQuality "1"]

1. e4 b6 2. d4 Bb7 3. Nc3 e6 4. Nf3 Nf6 5. Bd3 Nc6 6. e5 Nd5 7. Nxd5 exd5 8. Bg5 Ne7 9. 0-0 h6 10. Bh4 g5 11. Bg3 Nc6 12. c3 Qe7 13. b4 Nd8 14. a4 a5 15. b5 Ne6 16. Ne1 h5 17. h3 g4 18. hxg4 hxg4 19. Qxg4 Ng5 20. f3 0-0-0 21. Nc2 Re8 22. Ne3 Qd8 23. Nf5 Be7 24. Nxe7+ Qxe7 25. Bf5 Reg8 26. Qf4 Ne6 27. Bxe6 fxe6 28. Kf2 Qh7 29. Rac1 Rf8 30. Qe3 Qg6 31. f4 Kb8 32. Ke2 Rf7 33. Qd3 Qh5+ 34. Kd2 Rg8 35. Rf3 Ka7 36. Rcf1 Rfg7 37. Kc2 Rxg3 38. Rxg3 Rxg3 39. Qxg3 Qe2+ 40. Kb3 Qxf1 41. Qg5 Qc4+ 42. Kb2 Qxa4 0-1

[Event "Torquay op 46th"]
[Site "Torquay"]
[Date "2012.11.09"]
[Round "1"]
[White "Brusey, Alan W"]
[Black "Menadue, Jeremy FS"]
[Result "1/2-1/2"]
[WhiteElo "2020"]
[BlackElo "2145"]
[PlyCount "60"]
[EventDate "2012.11.09"]
[EventType "swiss"]
[EventRounds "5"]
[EventCountry "ENG"]
[SourceTitle "EXT 2022"]
[Source "ChessBase"]
[SourceDate "2021.10.06"]
[SourceVersion "1"]
[SourceVersionDate "2021.10.06"]
[SourceQuality "1"]

1. e4 Nf6 2. e5 Nd5 3. c4 Nb6 4. d4 d6 5. f4 dxe5 6. fxe5 c5 7. d5 e6 8. Nc3 exd5 9. cxd5 c4 10. Nf3 Bb4 11. Bxc4 Bxc3+ 12. bxc3 Nxc4 13. Qa4+ Nd7 14. Qxc4 Nb6 15. Qb5+ Qd7 16. Qxd7+ Bxd7 17. d6 Rc8 18. 0-0 Rxc3 19. Bg5 h6 20. Bd2 Rd3 21. Rac1 Be6 22. Rc3 Rxc3 23. Bxc3 Nd5 24. Bd4 0-0 25. Bxa7 Ra8 26. Bd4 Nf4 27. Bf2 Bxa2 28. Nh4 Nd3 29. Nf5 Nxe5 30. Ne7+ Kf8 1/2-1/2

[Event "Paignton op"]
[Site "Paignton"]
[Date "2012.09.07"]
[Round "6"]
[White "Coburn, Joseph A"]
[Black "Brusey, Alan W"]
[Result "0-1"]
[WhiteElo "1792"]
[BlackElo "2033"]
[PlyCount "60"]
[EventDate "2012.09.02"]
[EventType "swiss"]
[EventRounds "7"]
[EventCountry "ENG"]
[SourceTitle "CBM 150 Extra"]
[Source "ChessBase"]
[SourceDate "2012.10.19"]
[SourceVersion "1"]
[SourceVersionDate "2012.10.19"]
[SourceQuality "1"]

1. c4 c6 2. g3 d5 3. b3 Nf6 4. Nf3 Bf5 5. d3 e6 6. Bg2 h6 7. 0-0 Be7 8. Bb2 0-0 9. Nbd2 Nbd7 10. Rc1 a5 11. a3 Bh7 12. Re1 Re8 13. e4 Nc5 14. Ne5 Nfd7 15. Re3 Nxe5 16. Bxe5 d4 17. Rf3 f6 18. b4 axb4 19. axb4 Na4 20. Bf4 e5 21. c5 Nc3 22. Qb3+ Kh8 23. Re1 exf4 24. gxf4 Bg8 25. Nc4 Ra2 26. Bf1 Qa8 27. e5 Ra1 28. Rxa1 Qxa1 29. b5 cxb5 30. Qb4 bxc4 0-1

[Event "Paington op"]
[Site "Paignton"]
[Date "2011.09.04"]
[Round "1"]
[White "Brown, Alan M"]
[Black "Brusey, Alan W"]
[Result "1-0"]
[WhiteElo "2130"]
[BlackElo "2021"]
[PlyCount "119"]
[EventDate "2011.09.04"]
[EventType "swiss"]
[EventRounds "7"]
[EventCountry "ENG"]
[SourceTitle "CBM 144 Extra"]
[Source "ChessBase"]
[SourceDate "2011.10.28"]
[SourceVersion "1"]
[SourceVersionDate "2011.10.28"]
[SourceQuality "1"]

1. d4 d5 2. Nf3 Nf6 3. c4 c6 4. cxd5 cxd5 5. Nc3 Nc6 6. Bf4 e6 7. e3 Bd6 8. Bxd6 Qxd6 9. Rc1 0-0 10. Bd3 e5 11. dxe5 Nxe5 12. Be2 Be6 13. 0-0 a6 14. Qd2 Rad8 15. Rfd1 Rd7 16. Nxe5 Qxe5 17. Qd4 Qb8 18. Na4 Rfd8 19. Rd3 Bf5 20. Rb3 Rc7 21. Rcc3 Rxc3 22. Rxc3 h6 23. Nc5 Ne4 24. Rc1 Qc7 25. Nb3 Qd6 26. Qd1 Nf6 27. Nd4 Bg6 28. Qb3 Rd7 29. Qc3 Qb6 30. b4 Kh7 31. Qc5 Qd8 32. a3 Ne8 33. Qc8 Qe7 34. Bg4 Rd6 35. Bf5 Rd8 36. Bxg6+ fxg6 37. Qe6 Qxe6 38. Nxe6 Rd6 39. Nd4 Kg8 40. Kf1 Kf7 41. Ke2 Rd7 42. Rc5 Nc7 43. Kd3 Ne6 44. Nxe6 Kxe6 45. Kd4 g5 46. f3 h5 47. Rc8 h4 48. h3 Kd6 49. Rc2 Ke6 50. Rc5 b5 51. Rc6+ Kf5 52. Rc8 a5 53. Rc5 axb4 54. axb4 Ra7 55. Rxd5+ Kf6 56. f4 gxf4 57. exf4 Ra2 58. Rc5 Rc2 59. Rxb5 Rxg2 60. Rh5 1-0

[Event "Paington op"]
[Site "Paington"]
[Date "2009.09.09"]
[Round "4"]
[White "Gill, Neville BK"]
[Black "Brusey, Alan W"]
[Result "1-0"]
[WhiteElo "2111"]
[BlackElo "2059"]
[PlyCount "91"]
[EventDate "2009.09.06"]
[EventType "swiss"]
[EventRounds "7"]
[EventCountry "ENG"]
[SourceTitle "CBM 132 Extra"]
[Source "ChessBase"]
[SourceDate "2009.11.03"]
[SourceVersion "1"]
[SourceVersionDate "2009.11.03"]
[SourceQuality "1"]

1. d4 d5 2. c4 c6 3. Nc3 Nf6 4. e3 a6 5. Nf3 e6 6. c5 Nbd7 7. b4 b6 8. Bd2 bxc5 9. bxc5 Qc7 10. Qa4 g6 11. Bd3 Bg7 12. 0-0 0-0 13. e4 dxe4 14. Nxe4 Nxe4 15. Bxe4 Bb7 16. Rab1 Ra7 17. Ba5 Qc8 18. Bb6 Ra8 19. Nd2 Nf6 20. Bf3 Nd5 21. Ne4 Qd7 22. Rfc1 a5 23. Nd6 Rfb8 24. Rb3 Bh6 25. Rcb1 Bd2 26. Ne4 Bf4 27. g3 Bc7 28. Bxc7 Qxc7 29. Nd6 Ba6 30. Bxd5 exd5 31. Rb6 Rxb6 32. Rxb6 Qe7 33. Qd1 Qc7 34. Rb3 Rb8 35. Rf3 Rf8 36. Qe1 Qd8 37. h4 a4 38. Qe5 Qd7 39. Re3 Qh3 40. Re1 Bc8 41. Ne8 Rxe8 42. Qxe8+ Kg7 43. Qxc6 Be6 44. Qd6 Qg4 45. Qe5+ Kg8 46. Rb1 1-0